000 00775nam a2200217Ia 4500
003 GCL
008 140319s9999 xx 000 0 ara d
040 _aGCL /
_cGCL
082 0 4 _a733.5
_bع ن
100 1 _aعزيزة سعيد محمود
245 1 0 _aالنحت الرومانى :
_bمن البدايات الاولى وحتى نهاية القرن الرابع الميلادى /
_cعزيزة سعيد محمود
260 _aالقاهرة :
_bدار نهضة الشرق
300 _a238 ص ؛
_c24 سم
650 0 4 _aالاثار
650 0 4 _aالفنون التشكيلية
650 0 4 _aالتماثيل
650 0 4 _aالنحت - تاريخ
650 0 4 _aالنحت الرومانى
650 0 4 _aالنحت - الطرق الفنية
942 _2ddc
_cBK
999 _c6346
_d6346